ბათუმის შოთა რუსთაველის სახელმწიფო უნივერსიტეტის ბიბლიოთეკა

მათემატიკა 1-ლი კლასი : (ბიბ.ჩანაწერი № 63195)

000 -ლიდერი
ფიქსირებული სიგრძის საკონტროლო ველი 01894nam a22002657a 4500
003 - საკონტროლო ნომრის იდენტიფიკატორი
საკონტროლო ველი Ge_BSU
005 - ბოლო ოპერაციის თარიღი და დრო
საკონტროლო ველი 20250625152446.0
008 - ფიქსირებული სიგრძის მონაცემთა ელემენტები - ზოგადი ინფორმაცია
ფიქსირებული სიგრძის საკონტროლო ველი 250625s2023 ge ||||| |||| 00| 0 geo d
020 ## - წიგნის საერთაშორისო სტანდარტული ნომერი
International Standard Book Number 9789941316463
041 ## - ენის კოდი
Language code of text/sound track or separate title geo
080 ## - უნივერსალური ათობითი კლასიფიკაციის ინდექსი
Universal Decimal Classification number 51(075.8) მ-15
245 ## - ცნობა სათაურის შესახებ
Title მათემატიკა 1-ლი კლასი :
Remainder of title მოსწავლის წიგნი 2 ნაწილი /
Statement of responsibility, etc ავტორები: გურამ გოგიშვილი, თეიმურაზ ვეფხვაძე, ია მებონია, ლამარა ქურჩიშვილი; რედაქტორი თეიმურაზ ვეფხვაძე; გარეკანის დიზაინერები: ილია ხელაია, ნანა მიქაბერიძე
264 ## - წარმოების, გამოცემის, დისტრიბუციის და სხვა ცნობები
გამოცემის, წარმოების, დისტრიბუციის... ადგილი თბილისი :
გამოცემის, წარმოების, დისტრიბუციის... სახელწოდება ინტელექტი,
გამოცემის, წარმოების, დისტრიბუციის... თარიღი 2023.
300 ## - ფიზიკური აღწერა
Extent 112 გვ. :
Other physical details ილ.;
Dimensions 28 სმ.
500 ## - ზოგადი შენიშვნა
General note გრიფმინიჭებულია საქართველოს განათლებისა და მეცნიერების სამინისტროს მიერ 2023 წელს
653 ## - INDEX TERM--UNCONTROLLED
Uncontrolled term მათემატიკა
700 ## - ADDED ENTRY--PERSONAL NAME
Personal name გოგიშვილი, გ.
Relator term ავტორი
9 (RLIN) 25501
700 ## - ADDED ENTRY--PERSONAL NAME
Personal name ვეფხვაძე, თეიმურაზ
Relator term ავტორი
9 (RLIN) 25502
700 ## - ADDED ENTRY--PERSONAL NAME
Personal name მებონია, ია
Relator term ავტორი
9 (RLIN) 25503
700 ## - ADDED ENTRY--PERSONAL NAME
Personal name ქურჩიშვილი, ლ.
Relator term ავტორი
9 (RLIN) 25504
700 ## - ADDED ENTRY--PERSONAL NAME
Personal name ვეფხვაძე, თ.
Relator term რედაქტორი
9 (RLIN) 25505
700 ## - ADDED ENTRY--PERSONAL NAME
Personal name ხელაია,ი.
Relator term გარეკანის დიზაინერი
9 (RLIN) 25260
700 ## - ADDED ENTRY--PERSONAL NAME
Personal name მიქაბერიძე, ნანა
Relator term გარეკანის დიზაინერი
9 (RLIN) 25506
942 ## - ADDED ENTRY ELEMENTS (KOHA)
Source of classification or shelving scheme
Koha item type წიგნი
ეგზემპლარები
ჩამოწერის სტატუსი დაკარგული ეგზემპლარის სტატუსი კლასიფიკაციის წყარო ან თაროზე გაწყობის სქემა დაზიანების სტატუსი არ გაიცემა მუდმივი მდებარეობა (დაცვის ადგილი) ამჟამინდელი ადგილსამყოფელი თაროზე განთავსების ადგილი შეძენის თარიღი ღირებულება, შესყიდვის ნორმალური ფასი სრული შენახვის შიფრი შტრიხკოდი ბოლო ოპერაციის თარიღი ეგზემპლარის მიმდევრობითი ნომერი (კეტერი?) ფასის ძალაში შესვლის თარიღი ეგზემპლარის სახეობა საჯარო შენიშვნა
          ბათუმის შოთა რუსთაველის სახელმწიფო უნივერსიტეტის მთავარი ბიბლიოთეკა ბათუმის შოთა რუსთაველის სახელმწიფო უნივერსიტეტის მთავარი ბიბლიოთეკა წიგნსაცავი 2025-06-25 8.00 51(075.8) მ-15 71952 2025-06-25 71952 2025-06-25 წიგნი 8 ლ.
          ბათუმის შოთა რუსთაველის სახელმწიფო უნივერსიტეტის მთავარი ბიბლიოთეკა ბათუმის შოთა რუსთაველის სახელმწიფო უნივერსიტეტის მთავარი ბიბლიოთეკა წიგნსაცავი 2025-06-25 8.00 51(075.8) მ-15 71953 2025-06-25 71953 2025-06-25 წიგნი 8 ლ.
          ბათუმის შოთა რუსთაველის სახელმწიფო უნივერსიტეტის მთავარი ბიბლიოთეკა ბათუმის შოთა რუსთაველის სახელმწიფო უნივერსიტეტის მთავარი ბიბლიოთეკა წიგნსაცავი 2025-06-25 8.00 51(075.8) მ-15 71954 2025-06-25 71954 2025-06-25 წიგნი 8 ლ.
          ბათუმის შოთა რუსთაველის სახელმწიფო უნივერსიტეტის მთავარი ბიბლიოთეკა ბათუმის შოთა რუსთაველის სახელმწიფო უნივერსიტეტის მთავარი ბიბლიოთეკა წიგნსაცავი 2025-06-25 8.00 51(075.8) მ-15 71955 2025-06-25 71955 2025-06-25 წიგნი 8 ლ.
          ბათუმის შოთა რუსთაველის სახელმწიფო უნივერსიტეტის მთავარი ბიბლიოთეკა ბათუმის შოთა რუსთაველის სახელმწიფო უნივერსიტეტის მთავარი ბიბლიოთეკა წიგნსაცავი 2025-06-25 8.00 51(075.8) მ-15 71956 2025-06-25 71956 2025-06-25 წიგნი 8 ლ.